|
|
|
|
| LEADER |
00000nab a2200000 a 4500 |
| 001 |
vtls000057578 |
| 003 |
SK-MaSNL |
| 005 |
20260304000325.0 |
| 008 |
140513c1980 xo 0 slo |
| 015 |
|
|
|a SNBRB19rr/mm-uuuuu
|
| 035 |
|
|
|a CL0067675
|
| 040 |
|
|
|a SNKBUCL
|b slo
|c SNKBUCL
|e AACR2
|
| 041 |
0 |
|
|a slo
|
| 044 |
|
|
|a xo
|c SK
|
| 080 |
|
|
|a 808.54
|2 1981
|
| 080 |
|
|
|a 801.5
|2 1981
|
| 080 |
|
|
|a 371.3
|2 1981
|
| 080 |
|
|
|a 372
|2 1981
|
| 100 |
1 |
|
|a Buzássyová, Klára,
|d 1938-
|4 aut
|9 104509
|
| 245 |
1 |
0 |
|a Vedecká konferencia o syntaxi a jej vyučovaní
|c Klára Buzássyová, Anna Oravcová
|
| 650 |
0 |
7 |
|a slovenčina
|2 snkbucl
|9 1350
|
| 650 |
0 |
7 |
|a syntax
|2 snkbucl
|9 1352
|
| 650 |
0 |
7 |
|a vyučovanie
|2 snkbucl
|9 1522
|
| 655 |
|
7 |
|a články z novín a časopisov
|2 snkbucl
|9 267496
|
| 700 |
1 |
|
|a Oravcová, Anna,
|d 1946-2021
|4 aut
|9 48033
|
| 773 |
0 |
|
|t Slovenská reč
|g Roč. 45, č. 2 (1980), s. 114-118
|
| 850 |
|
|
|a Slovenská národná knižnica v Martine
|a MTA001
|
| 852 |
|
|
|a SNK
|b KIS3GCP
|
| 957 |
|
|
|a 5206
|
| 958 |
|
|
|a RK
|
| 992 |
|
|
|a RBX
|
| 999 |
|
|
|c 2530739
|d 2532669
|